INDUSTRIAL RELATIONS (Record no. 15332)
[ view plain ]
| 000 -LEADER | |
|---|---|
| fixed length control field | 00304nam a22001457a 4500 |
| 003 - CONTROL NUMBER IDENTIFIER | |
| control field | SGT |
| 020 ## - INTERNATIONAL STANDARD BOOK NUMBER | |
| International Standard Book Number | 9780199456550 |
| 082 ## - DEWEY DECIMAL CLASSIFICATION NUMBER | |
| Item number | RAT |
| 100 ## - MAIN ENTRY--PERSONAL NAME | |
| Personal name | RATNAM VENKATA C.S |
| 245 ## - TITLE STATEMENT | |
| Title | INDUSTRIAL RELATIONS |
| 250 ## - EDITION STATEMENT | |
| Edition statement | 2ND |
| 260 ## - PUBLICATION, DISTRIBUTION, ETC. (IMPRINT) | |
| Name of publisher, distributor, etc | OXFORD UNIVERSITY |
| Year of Publication | 2017 |
| 300 ## - PAGE DESCRIPTION | |
| No. of Pages | 592 |
| 942 ## - ADDED ENTRY ELEMENTS (KOHA) | |
| Source of classification or shelving scheme | Dewey Decimal Classification |
| Koha item type | Books |
| 942 ## - ADDED ENTRY ELEMENTS (KOHA) | |
| -- | 1 |
| Withdrawn status | Lost status | Source of classification or shelving scheme | Damaged status | Not for loan | Collection code | Home library | Current library | Shelving location | Date acquired | Vendor Name | Cost, normal purchase price | SGTU | Bill Number | Total Checkouts | Full call number | Accession No. (Barcode) | Date last seen | Bill Date | Koha item type | Date last borrowed |
|---|---|---|---|---|---|---|---|---|---|---|---|---|---|---|---|---|---|---|---|---|
| Dewey Decimal Classification | COMMERCE MANAGEMENT | SGT Science & Social Sciences Library | SGT Science & Social Sciences Library | Text Book | 16/03/2018 | UDH PUB. & DISTRIBUTORS | 599.00 | SGTU | 2214 | RAT | CM4211 | 16/03/2018 | Books | |||||||
| Dewey Decimal Classification | COMMERCE MANAGEMENT | SGT Science & Social Sciences Library | SGT Science & Social Sciences Library | Text Book | 16/03/2018 | UDH PUB. & DISTRIBUTORS | 599.00 | SGTU | 2214 | 1 | RAT | CM4212 | 08/05/2024 | Books | 08/05/2024 | |||||
| Dewey Decimal Classification | COMMERCE MANAGEMENT | SGT Science & Social Sciences Library | SGT Science & Social Sciences Library | Text Book | 16/03/2018 | UDH PUB. & DISTRIBUTORS | 599.00 | SGTU | 2214 | RAT | CM4213 | 16/03/2018 | Books | |||||||
| Dewey Decimal Classification | COMMERCE MANAGEMENT | SGT Science & Social Sciences Library | SGT Science & Social Sciences Library | Text Book | 16/03/2018 | UDH PUB. & DISTRIBUTORS | 599.00 | SGTU | 2214 | 1 | RAT | CM4214 | 16/01/2021 | Books | 28/12/2020 | |||||
| Dewey Decimal Classification | COMMERCE MANAGEMENT | SGT Science & Social Sciences Library | SGT Science & Social Sciences Library | Text Book | 16/03/2018 | UDH PUB. & DISTRIBUTORS | 599.00 | SGTU | 2214 | RAT | CM4215 | 16/03/2018 | Books |